ARRUPE JESUIT UNIVERSITY

CORONAVIRUS -STOP THE SPREAD - CLEAN,DISINFECT,COVER

The three founders of Cîteaux : (Record no. 121346)

MARC details
000 -LEADER
fixed length control field 01415mam a2200361 a 4500
001 - CONTROL NUMBER
control field 2257477
003 - CONTROL NUMBER IDENTIFIER
control field ARRUPE
005 - DATE AND TIME OF LATEST TRANSACTION
control field 20150107140156.0
008 - FIXED-LENGTH DATA ELEMENTS--GENERAL INFORMATION
fixed length control field 990217s1998 miub b 000 0ceng d
020 ## - INTERNATIONAL STANDARD BOOK NUMBER
International Standard Book Number 0879078766
035 ## - SYSTEM CONTROL NUMBER
System control number (OCoLC)ocm40810502
035 ## - SYSTEM CONTROL NUMBER
System control number (NNC)anz4588
035 ## - SYSTEM CONTROL NUMBER
System control number (NNC)2257477
040 ## - CATALOGING SOURCE
Original cataloging agency VXM
Transcribing agency VXM
050 ## - LIBRARY OF CONGRESS CALL NUMBER
Classification number BX3455
Item number .D3513 1998
300 ## - PHYSICAL DESCRIPTION
Other physical details maps ;
Dimensions 22 cm.
100 1# - MAIN ENTRY--PERSONAL NAME
Personal name Damme, Jean Baptiste van.
9 (RLIN) 12910
240 10 - UNIFORM TITLE
Uniform title <a href="Trois fondateurs de Cîteaux.">Trois fondateurs de Cîteaux.</a>
Language of a work English
245 14 - TITLE STATEMENT
Title The three founders of Cîteaux :
Remainder of title Robert of Molesme, Alberic, Stephen Harding /
Statement of responsibility, etc by Jean-Baptiste Van Damme ; translated by Nicholas Groves and Christian Carr ; adapted and arranged by Bede K. Lackner.
260 ## - PUBLICATION, DISTRIBUTION, ETC. (IMPRINT)
Place of publication, distribution, etc Kalamazoo, Mich. ;
-- Spencer, Mass. :
Name of publisher, distributor, etc Cistercian Publications,
Date of publication, distribution, etc 1998.
300 ## - PHYSICAL DESCRIPTION
Extent 135 p. :
490 1# - SERIES STATEMENT
Series statement Cistercian studies series ;
Volume number/sequential designation no. 176
500 ## - GENERAL NOTE
General note Translation of: Les trois fondateurs de Citeaux.
504 ## - BIBLIOGRAPHY, ETC. NOTE
Bibliography, etc Includes bibliographical references (p. 131-135).
600 00 - SUBJECT ADDED ENTRY--PERSONAL NAME
Personal name Robert,
Titles and other words associated with a name of Molesme, Saint,
Dates associated with a name approximately 1027-1110.
9 (RLIN) 12911
600 00 - SUBJECT ADDED ENTRY--PERSONAL NAME
Personal name Alberic,
Titles and other words associated with a name Saint,
Dates associated with a name -1109.
9 (RLIN) 12912
600 00 - SUBJECT ADDED ENTRY--PERSONAL NAME
Personal name Stephen Harding,
Titles and other words associated with a name Saint,
Dates associated with a name -1134.
9 (RLIN) 12913
700 1# - ADDED ENTRY--PERSONAL NAME
Personal name Lackner, Bede K.
9 (RLIN) 12916
700 1# - ADDED ENTRY--PERSONAL NAME
Personal name Groves, Nicholas (tr)
9 (RLIN) 13530
700 1# - ADDED ENTRY--PERSONAL NAME
Personal name Carr, Christian (tr)
9 (RLIN) 13531
830 #0 - SERIES ADDED ENTRY--UNIFORM TITLE
Uniform title Cistercian studies series ;
Volume number/sequential designation no. 176.
9 (RLIN) 12917
942 ## - ADDED ENTRY ELEMENTS (KOHA)
Source of classification or shelving scheme Library of Congress Classification
Koha item type Monograph ( Printed materials)
Holdings
Withdrawn status Lost status Source of classification or shelving scheme Damaged status Not for loan Collection code Home library Current library Shelving location Date acquired Total Checkouts Full call number Barcode Date last seen Price effective from Koha item type
    Library of Congress Classification     Main Collection ARRUPE LIBRARY ARRUPE LIBRARY Main Collection 01/12/2014   BX3455 .D3513 1998 46500001192 22/11/2017 01/12/2014 Monograph ( Printed materials)

 

Arrupe Library. PO Box MP320 Mt Pleasant, Harare, Zimbabwe
263 242 745411|librarian@aju.ac.zw